[Event "Queima das Fitas op"]
[Site "Coimbra"]
[Date "2024.04.25"]
[Round "1"]
[White "Pinsach Gelabert, Alexandre"]
[Black "Tsuzuki, Yan"]
[Result "1-0"]
[WhiteElo "2169"]
[BlackElo "1657"]
[PlyCount "61"]
[EventDate "2024.04.25"]
[EventType "swiss"]
[EventRounds "7"]
[EventCountry "POR"]
[SourceTitle "CB18_2024"]
[SourceDate "2024.05.01"]
[SourceVersion "1"]
[SourceVersionDate "2024.05.01"]
[SourceQuality "2"]

1. e4 c6 2. Nf3 d5 3. Nc3 dxe4 4. Nxe4 Nf6 5. Ng3 Bg4 6. h3 Bxf3 7. Qxf3 e6 8. c3 Nbd7 9. d4 Bd6 10. Bd3 0-0 11. 0-0 Qc7 12. Bg5 e5 13. Nf5 exd4 14. cxd4 Rfe8 15. Nh6+ gxh6 16. Bxf6 Nxf6 17. Qxf6 Re6 18. Qf5 Rg6 19. Rfe1 Rg7 20. Re4 Qc8 21. Qh5 f5 22. Bc4+ Kh8 23. Re6 Bf4 24. Rae1 Rg8 25. Qxf5 Qf8 26. Rf6 Qg7 27. Bxg8 Rxg8 28. g4 Bb8 29. Rf7 Qg6 30. Qxg6 Rxg6 31. Rf8+ 1-0